01314nam a22002892a 450000100060000000300080000600500170001400800410003103500510007204000320012304100110015508200190016610000530018524500700023826000980030830000230040649000750042950000930050450400370059765000200063470000510065474000640070583000820076994200120085199900170086395201440088029939BD-RjUL20211209051502.0140408s1930 enk b 001 0 eng d aOCLC ocm01406176 from D960726Ma(BD-RjUL)30024 aITDcITDdOCLdBD-RjULbeng1 aengfre a157bPAL 19301 aPaulhan, Fr.q(Frédéric),d1856-1931.99109514aThe laws of feeling /cby F. Paulhan ...Translated by C. K. Ogden aLondon ;bK. Paul, Trench, Trubner & Co. Ltd ;aNew York :bHarcourt, Brace & Company,c1930. axiv, 213 p.c23 cm1 aInternational library of psychology, philosophy, and scientific method a"Supplementary essay: Feeling, intelligence, and will in general psychology": p. 145-208 aIncludes index and Bibliography. 0aEmotions9910961 aOgden, C. K.q(Charles Kay),d1889-1957.935924 aLes phénomènes affectifs et les lois de leur apparition 0aInternational library of psychology, philosophy, and scientific method991099 2ddccBK c29939d29939 00102ddc40728NFICaRUCLbRUCLcReadingd1955-09-10eB. H. Blackwellg15.00l0o157 PAL 1930r2014-04-08 00:00:00tC-1w2014-04-08yBK